| 000 | 00533nam a22001697a 4500 | ||
|---|---|---|---|
| 999 |
_c8625 _d8625 |
||
| 008 | 201208b ||||| |||| 00| 0 eng d | ||
| 040 | _aBMS College of Architecture | ||
| 100 | _aJain, K kumar Mahaveer | ||
| 245 | _aInstitute of design Mysore | ||
| 300 | _aiv,54p. | ||
| 500 | _a1BM12AT034 | ||
| 502 |
_8B,Arch _NBMS College of Architecture, Visvesvaraya Technological University (VTU) _aProject report _d2016 |
||
| 650 | _aNA | ||
| 700 |
_aSowmya Muralidhar _eGuide |
||
| 700 |
_aSrikanth Chandrashekar _eGuide |
||
| 942 |
_2ddc _cTHE |
||